000 00515nam a22001937a 4500
003 MPLRDC
005 20220104192423.0
008 210129b ||||| |||| 00| 0 eng d
020 _a978-986-134-196-5
082 _a198 SAN
100 _aMICHAEL J. SANDEL
245 _a钱买不到的东西
_c吴四明、姬健梅 译
250 _a初版13刷
260 _a台湾
_b先觉出版股份有限公司
_c2013
300 _b
490 _a人文思潮: 100
650 _a职业伦理
942 _cBK
_o198 SAN
999 _c64709
_d64699